=LDR 00000nam 2200000 4500 =001 INLIS000000000004258 =005 20130612092529 =008 ***********************************Ind** =035 ##$$0010-061300000004258 =041 ##$$a Ind =082 ##$$a 642.1 =090 ##$$a 642.1, Res r =245 ##$$a Resep praktis: Aneka menu bulan puasa / Editor, Negarasa. -- =260 ##$$a [19..] $b Jakarta : Tiramedia =300 ##$$a 24 hlm. ; 21 cm =650 ##$$a Menu, Untuk Rumah dan Keluarga =850 ##$$a NBPNMAT